[Event "Montreal Mercredi 08"]
[Site "Montreal CAN"]
[Date "2017.09.27"]
[Round "5"]
[White "Cloutier, Mathieu"]
[Black "Lopez Linares, Lizandro"]
[Result "0-1"]
[WhiteElo "2142"]
[BlackElo "2199"]
[WhiteFideId "-1"]
[WhiteFideId "-1"]
[PlyCount "72"]
[GameId "2160767908347182"]
[EventDate "2017.08.30"]
[EventType "swiss"]
[EventRounds "5"]
[EventCountry "CAN"]
[SourceTitle "EXT 2022"]
[Source "ChessBase"]
[SourceDate "2021.10.06"]
[SourceVersion "1"]
[SourceVersionDate "2021.10.06"]
[SourceQuality "1"]

1. e4 d5 2. exd5 Qxd5 3. Nc3 Qa5 4. d4 c6 5. Bc4 Nf6 6. Nge2 Bf5 7. O-O e6 8. Ng3 Bg6 9. f4 Nbd7 10. f5 exf5 11. Re1+ Kd8 12. Kh1 Bd6 13. Qf3 Bxg3 14. Qxg3 Ne4 15. Nxe4 fxe4 16. Bf4 Kc8 17. c3 Re8 18. b4 Qf5 19. Rf1 Nf6 20. Be5 Nh5 21. Qe3 Qd7 22. h3 f6 23. Bh2 f5 24. Rad1 Nf6 25. Qe2 Bh5 26. g4 fxg4 27. Rxf6 gxf6 28. d5 Rd8 29. Bb3 Qf5 30. dxc6 Rxd1+ 31. Bxd1 Qf3+ 32. Kg1 Qxe2 33. cxb7+ Kxb7 34. Bxe2 g3 35. Bxh5 gxh2+ 36. Kxh2 Rc8 0-1

[Event "Montreal Mercredi 08"]
[Site "Montreal CAN"]
[Date "2017.09.27"]
[Round "5"]
[White "Have, Didier"]
[Black "Pomerantz, Daniel"]
[Result "0-1"]
[WhiteElo "1959"]
[BlackElo "1978"]
[WhiteFideId "-1"]
[WhiteFideId "-1"]
[PlyCount "58"]
[GameId "2160767908347183"]
[EventDate "2017.08.30"]
[EventType "swiss"]
[EventRounds "5"]
[EventCountry "CAN"]
[SourceTitle "EXT 2022"]
[Source "ChessBase"]
[SourceDate "2021.10.06"]
[SourceVersion "1"]
[SourceVersionDate "2021.10.06"]
[SourceQuality "1"]

1. d4 Nf6 2. Bf4 e6 3. e3 b6 4. Nf3 c5 5. Nbd2 Bb7 6. Nc4 cxd4 7. exd4 d6 8. Bd3 Be7 9. c3 O-O 10. Qe2 Re8 11. O-O-O b5 12. Ncd2 a6 13. Ng5 Nbd7 14. h4 Nf8 15. Rh3 Bd5 16. Kb1 Qa5 17. a3 Qb6 18. Rg3 Reb8 19. Nde4 a5 20. Nxf6+ Bxf6 21. Bxh7+ Nxh7 22. Qh5 Bxg5 23. Bxg5 b4 24. Bh6 Be4+ 25. Kc1 g6 26. axb4 axb4 27. Kd2 Ra2 28. Ke3 bxc3 29. Kxe4 Nf6+ 0-1

[Event "Montreal Mercredi 08"]
[Site "Montreal CAN"]
[Date "2017.09.27"]
[Round "5"]
[White "Lebeau, Gilbert"]
[Black "Jacquet, Stephane"]
[Result "0-1"]
[WhiteElo "2049"]
[BlackElo "2023"]
[WhiteFideId "-1"]
[WhiteFideId "-1"]
[PlyCount "120"]
[GameId "2160767908347184"]
[EventDate "2017.08.30"]
[EventType "swiss"]
[EventRounds "5"]
[EventCountry "CAN"]
[SourceTitle "EXT 2022"]
[Source "ChessBase"]
[SourceDate "2021.10.06"]
[SourceVersion "1"]
[SourceVersionDate "2021.10.06"]
[SourceQuality "1"]

1. d4 d6 2. Bf4 g6 3. e3 Bg7 4. Nf3 Nf6 5. h3 O-O 6. Be2 c5 7. c3 Qb6 8. Qb3 Be6 9. Qa3 Nbd7 10. Nbd2 cxd4 11. exd4 Bd5 12. O-O Rfe8 13. c4 Be4 14. Ng5 d5 15. c5 Qc6 16. b4 a6 17. Ndxe4 Nxe4 18. Nxe4 dxe4 19. Rfd1 Nf6 20. Be5 Nd5 21. Bxg7 Kxg7 22. Qb3 Nf4 23. Bf1 Qd5 24. Bc4 Qg5 25. Qg3 Qf6 26. a4 Red8 27. Qe3 Nd5 28. Bxd5 Rxd5 29. Qxe4 Rad8 30. Rac1 e5 31. Rd3 exd4 32. Rcd1 h5 33. g3 Qe6 34. Qxe6 fxe6 35. f4 Kf6 36. Kf2 a5 37. b5 Rxc5 38. Rxd4 Rdd5 39. Rxd5 exd5 40. Rd3 Ke6 41. g4 hxg4 42. hxg4 Rc4 43. Kf3 Rxa4 44. f5+ gxf5 45. gxf5+ Ke5 46. Re3+ Kxf5 47. Re7 Ra3+ 48. Ke2 Rb3 49. Rxb7 Ke4 50. b6 Rb2+ 51. Kd1 Kd4 52. Kc1 Rb5 53. Ra7 Kc5 54. b7 Kb4 55. Kb2 a4 56. Ka2 d4 57. Kb2 d3 58. b8=Q Rxb8 59. Kc1 Kb3 60. Kd2 a3 0-1

[Event "Montreal Mercredi 08"]
[Site "Montreal CAN"]
[Date "2017.09.27"]
[Round "5"]
[White "Saha, Ananda"]
[Black "Leveille, Francois"]
[Result "0-1"]
[WhiteElo "2116"]
[BlackElo "2307"]
[WhiteFideId "-1"]
[WhiteFideId "-1"]
[PlyCount "78"]
[GameId "2160767908347185"]
[EventDate "2017.08.30"]
[EventType "swiss"]
[EventRounds "5"]
[EventCountry "CAN"]
[SourceTitle "EXT 2022"]
[Source "ChessBase"]
[SourceDate "2021.10.06"]
[SourceVersion "1"]
[SourceVersionDate "2021.10.06"]
[SourceQuality "1"]

1. d4 g6 2. c4 Nf6 3. Nc3 d5 4. cxd5 Nxd5 5. e4 Nxc3 6. bxc3 Bg7 7. Nf3 c5 8. Rb1 O-O 9. Be2 b6 10. O-O Bb7 11. Qd3 Ba6 12. Qe3 cxd4 13. cxd4 Qc8 14. Ba3 Bxe2 15. Qxe2 Qa6 16. Qe3 Rc8 17. e5 e6 18. Ng5 Nc6 19. Ne4 Nxd4 20. Bb2 Nf5 21. Qh3 h5 22. f3 Qd3 23. Rfe1 Rc2 24. Rbd1 Qb5 25. Ba1 h4 26. g4 hxg3 27. hxg3 Rxa2 28. g4 Ne7 29. Nf6+ Bxf6 30. exf6 Nd5 31. Qh6 Qc5+ 32. Bd4 Qf8 33. Qh4 Qd6 34. Be5 Qc5+ 35. Bd4 Qc2 36. Bf2 Nf4 37. Rf1 Qb2 38. Rb1 Qc3 39. Rbe1 Qxf3 0-1

[Event "Montreal Mercredi 08"]
[Site "Montreal CAN"]
[Date "2017.09.27"]
[Round "5"]
[White "Vignalou, Joseph"]
[Black "Gates, Claude-Eric"]
[Result "1-0"]
[WhiteElo "1805"]
[BlackElo "1796"]
[WhiteFideId "-1"]
[WhiteFideId "-1"]
[PlyCount "99"]
[GameId "2160767908347186"]
[EventDate "2017.08.30"]
[EventType "swiss"]
[EventRounds "5"]
[EventCountry "CAN"]
[SourceTitle "EXT 2022"]
[Source "ChessBase"]
[SourceDate "2021.10.06"]
[SourceVersion "1"]
[SourceVersionDate "2021.10.06"]
[SourceQuality "1"]

1. e4 d5 2. exd5 Nf6 3. Bb5+ Nbd7 4. Nc3 a6 5. Be2 Nb6 6. Nf3 Nbxd5 7. Nxd5 Qxd5 8. d4 b5 9. c4 Qf5 10. O-O e6 11. Ne5 Bb7 12. g4 Nxg4 13. Bxg4 Qf6 14. Bf3 Bxf3 15. Qxf3 Qxf3 16. Nxf3 O-O-O 17. cxb5 axb5 18. Bf4 Bd6 19. Bxd6 Rxd6 20. Rfc1 f6 21. Rc5 c6 22. a4 bxa4 23. Rxa4 Kb7 24. Rc3 Rd5 25. Rca3 g5 26. Nd2 h5 27. Nb3 Kc7 28. Nc5 Kd6 29. Ne4+ Kc7 30. Ra7+ Kb6 31. R3a6+ Kb5 32. Nc3+ Kc4 33. Rxc6+ Kxd4 34. Ra4+ Ke5 35. Nxd5 exd5 36. Raa6 f5 37. b4 Rb8 38. Rab6 Ra8 39. b5 h4 40. Ra6 Rd8 41. b6 Re8 42. b7 Kd4 43. Re6 Rb8 44. Rab6 h3 45. Kf1 Kd3 46. Re5 d4 47. Rxf5 Kd2 48. Rd5 d3 49. Rb3 Kc2 50. Rdxd3 1-0

[Event "Montreal Mercredi 08"]
[Site "Montreal CAN"]
[Date "2017.09.27"]
[Round "5"]
[White "Zumsteg, Nicolas"]
[Black "Nesterov, Timour"]
[Result "1/2-1/2"]
[WhiteElo "1811"]
[BlackElo "1898"]
[WhiteFideId "-1"]
[WhiteFideId "-1"]
[PlyCount "59"]
[GameId "2160767908347188"]
[EventDate "2017.08.30"]
[EventType "swiss"]
[EventRounds "5"]
[EventCountry "CAN"]
[SourceTitle "EXT 2022"]
[Source "ChessBase"]
[SourceDate "2021.10.06"]
[SourceVersion "1"]
[SourceVersionDate "2021.10.06"]
[SourceQuality "1"]

1. g3 d5 2. Bg2 e5 3. Nf3 Bd6 4. c4 c6 5. cxd5 cxd5 6. Nc3 e4 7. Nd4 Nf6 8. d3 Be5 9. dxe4 dxe4 10. e3 O-O 11. O-O Re8 12. Qa4 Bd7 13. Qb3 Nc6 14. Rd1 Qb6 15. Qxb6 axb6 16. Nxe4 Nxe4 17. Bxe4 Bxd4 18. Bxc6 Bxc6 19. Rxd4 Red8 20. a3 Rxd4 21. exd4 b5 22. Bd2 f6 23. f4 Kf7 24. Kf2 g6 25. Re1 Re8 26. Rxe8 Kxe8 27. Ba5 f5 28. Ke3 Kd7 29. Kf2 Ke6 30. Bc3 1/2-1/2

[Event "Montreal Mercredi 10"]
[Site "Montreal CAN"]
[Date "2017.10.11"]
[Round "1"]
[White "Baran, Marius"]
[Black "Charette, Nicolas"]
[Result "1-0"]
[WhiteElo "1757"]
[BlackElo "1683"]
[WhiteFideId "-1"]
[WhiteFideId "-1"]
[PlyCount "116"]
[GameId "2160767908317518"]
[EventDate "2017.10.11"]
[EventType "swiss"]
[EventRounds "5"]
[EventCountry "CAN"]
[SourceTitle "EXT 2022"]
[Source "ChessBase"]
[SourceDate "2021.10.06"]
[SourceVersion "1"]
[SourceVersionDate "2021.10.06"]
[SourceQuality "1"]

1. e4 e5 2. Nf3 Nc6 3. d4 exd4 4. Bc4 Nf6 5. e5 d5 6. Bb5 Ne4 7. Nxd4 Bd7 8. Bxc6 bxc6 9. O-O Bc5 10. Be3 Qe7 11. f3 Nd6 12. f4 Nc4 13. Bc1 O-O 14. b3 Na5 15. Kh1 Bb6 16. Ba3 c5 17. Qh5 g6 18. Qh6 Nc6 19. c3 f6 20. e6 Nxd4 21. cxd4 Bxe6 22. Nd2 c6 23. Rac1 Rae8 24. Nf3 Qg7 25. Qxg7+ Kxg7 26. dxc5 Bc7 27. Nd4 Bd7 28. g3 Re4 29. Bb2 Ba5 30. Rc2 Rfe8 31. Kg2 Re3 32. a3 Rd3 33. b4 Bc7 34. Kf2 Re4 35. Nf3 Bg4 36. Rc3 Ree3 37. Rxd3 Rxd3 38. Kg2 Rb3 39. Bc1 Rc3 40. Nd4 Rd3 41. Nxc6 a6 42. Re1 Bf3+ 43. Kf2 Be4 44. Re2 f5 45. Bb2+ Kf7 46. Ke1 h6 47. Rd2 Re3+ 48. Kf2 Rf3+ 49. Ke2 Rb3 50. Nd4 Rxb2 51. Rxb2 Ke7 52. a4 Kd7 53. b5 axb5 54. axb5 Kc8 55. b6 Bb8 56. c6 g5 57. c7 g4 58. cxb8=Q+ Kxb8 1-0

[Event "Montreal Mercredi 10"]
[Site "Montreal CAN"]
[Date "2017.10.11"]
[Round "1"]
[White "Barko, Maxim"]
[Black "Brassard, Sylvain"]
[Result "1-0"]
[WhiteElo "1842"]
[BlackElo "1772"]
[WhiteFideId "-1"]
[WhiteFideId "-1"]
[PlyCount "47"]
[GameId "2160767908317519"]
[EventDate "2017.10.11"]
[EventType "swiss"]
[EventRounds "5"]
[EventCountry "CAN"]
[SourceTitle "EXT 2022"]
[Source "ChessBase"]
[SourceDate "2021.10.06"]
[SourceVersion "1"]
[SourceVersionDate "2021.10.06"]
[SourceQuality "1"]

1. d4 d5 2. c4 c6 3. Nc3 e6 4. Nf3 dxc4 5. a4 Bb4 6. Bd2 Nf6 7. e3 Bxc3 8. Bxc3 b5 9. axb5 cxb5 10. b3 Nd5 11. Ba5 Qd6 12. bxc4 bxc4 13. Bxc4 Nc6 14. Bd2 O-O 15. O-O a5 16. Qe2 Ncb4 17. Rfb1 Ba6 18. Bxa6 Nxa6 19. Bxa5 Nab4 20. Qd2 Nc6 21. e4 Nxa5 22. Rxa5 Rxa5 23. Qxa5 Nf6 24. e5 1-0

[Event "Montreal Mercredi 10"]
[Site "Montreal CAN"]
[Date "2017.10.11"]
[Round "1"]
[White "Gates, Claude-Eric"]
[Black "O'Connor, Michael"]
[Result "1/2-1/2"]
[WhiteElo "1821"]
[BlackElo "1802"]
[WhiteFideId "-1"]
[WhiteFideId "-1"]
[PlyCount "29"]
[GameId "2160767908317520"]
[EventDate "2017.10.11"]
[EventType "swiss"]
[EventRounds "5"]
[EventCountry "CAN"]
[SourceTitle "EXT 2022"]
[Source "ChessBase"]
[SourceDate "2021.10.06"]
[SourceVersion "1"]
[SourceVersionDate "2021.10.06"]
[SourceQuality "1"]

1. e4 e5 2. Nf3 Nc6 3. c3 d5 4. Qa4 Qd6 5. exd5 Qxd5 6. Bc4 Qe4+ 7. Kd1 Be6 8. Bb5 Qxa4+ 9. Bxa4 Bg4 10. Re1 f6 11. d4 O-O-O 12. Bxc6 bxc6 13. Re4 Bf5 14. Re2 Bg4 15. Re4 1/2-1/2

[Event "Montreal Mercredi 10"]
[Site "Montreal CAN"]
[Date "2017.10.11"]
[Round "1"]
[White "Jacquet, Stephane"]
[Black "Zumsteg, Nicolas"]
[Result "0-1"]
[WhiteElo "1987"]
[BlackElo "1860"]
[WhiteFideId "-1"]
[WhiteFideId "-1"]
[PlyCount "44"]
[GameId "2160767908317521"]
[EventDate "2017.10.11"]
[EventType "swiss"]
[EventRounds "5"]
[EventCountry "CAN"]
[SourceTitle "EXT 2022"]
[Source "ChessBase"]
[SourceDate "2021.10.06"]
[SourceVersion "1"]
[SourceVersionDate "2021.10.06"]
[SourceQuality "1"]

1. d4 Nf6 2. Nc3 d5 3. Bg5 e6 4. e4 Be7 5. e5 Ne4 6. Nxe4 Bxg5 7. Nxg5 Qxg5 8. Nf3 Qe7 9. c3 c5 10. Bd3 Nc6 11. dxc5 Qxc5 12. O-O Bd7 13. Re1 Qe7 14. b4 a6 15. h4 O-O 16. h5 f5 17. Qd2 h6 18. Qf4 Be8 19. g4 fxg4 20. Qxg4 Qf7 21. Nh4 Qxf2+ 22. Kh1 Rf4 0-1

[Event "Montreal Mercredi 10"]
[Site "Montreal CAN"]
[Date "2017.10.11"]
[Round "1"]
[White "Jean, Robert"]
[Black "O'Neill, Brendon"]
[Result "1/2-1/2"]
[WhiteElo "1751"]
[BlackElo "1698"]
[WhiteFideId "-1"]
[WhiteFideId "-1"]
[PlyCount "70"]
[GameId "2160767908317522"]
[EventDate "2017.10.11"]
[EventType "swiss"]
[EventRounds "5"]
[EventCountry "CAN"]
[SourceTitle "EXT 2022"]
[Source "ChessBase"]
[SourceDate "2021.10.06"]
[SourceVersion "1"]
[SourceVersionDate "2021.10.06"]
[SourceQuality "1"]

1. d4 Nf6 2. c4 e6 3. Nc3 d5 4. Bg5 Be7 5. cxd5 exd5 6. e3 O-O 7. Qc2 Nc6 8. a3 Be6 9. Bd3 h6 10. Bf4 Nh5 11. Nge2 Rc8 12. h3 Nxf4 13. Nxf4 Qd7 14. g4 Bg5 15. Nce2 Rfe8 16. O-O-O Nd8 17. Kb1 c5 18. dxc5 b6 19. Nd4 Rxc5 20. Qd2 Nb7 21. f3 Rec8 22. h4 Bf6 23. Qh2 Be5 24. Qd2 Na5 25. Nfe2 Nc4 26. Bxc4 Rxc4 27. Rc1 b5 28. b3 Rxc1+ 29. Rxc1 Bd6 30. Kb2 Qb7 31. Rxc8+ Bxc8 32. Qc2 Bd7 33. Qd3 b4 34. a4 Be7 35. h5 Bf6 1/2-1/2

[Event "Montreal Mercredi 10"]
[Site "Montreal CAN"]
[Date "2017.10.11"]
[Round "1"]
[White "Jia, Zhe"]
[Black "Nardone, Raul"]
[Result "1/2-1/2"]
[WhiteElo "1823"]
[BlackElo "1794"]
[WhiteFideId "-1"]
[WhiteFideId "-1"]
[PlyCount "83"]
[GameId "2160767908317523"]
[EventDate "2017.10.11"]
[EventType "swiss"]
[EventRounds "5"]
[EventCountry "CAN"]
[SourceTitle "EXT 2022"]
[Source "ChessBase"]
[SourceDate "2021.10.06"]
[SourceVersion "1"]
[SourceVersionDate "2021.10.06"]
[SourceQuality "1"]

1. Nf3 d5 2. c4 e6 3. d4 c6 4. Nc3 f5 5. cxd5 cxd5 6. g3 Nf6 7. Bg2 Be7 8. O-O O-O 9. Bf4 b6 10. Rc1 Bb7 11. e3 Nc6 12. Ne5 Nxe5 13. Bxe5 Ba6 14. Re1 Ng4 15. Bf1 Bxf1 16. Rxf1 Nxe5 17. dxe5 Bc5 18. Na4 Qe7 19. a3 a5 20. Qe2 Rac8 21. Qb5 Qe8 22. Qxe8 Rfxe8 23. Nxc5 bxc5 24. Rc2 a4 25. Rb1 c4 26. Kf1 Rb8 27. Ke1 Rb3 28. Rc3 Reb8 29. Rxb3 Rxb3 30. Kd1 Kf7 31. Kc2 Ke7 32. Rc1 Kd7 33. Kb1 Rd3 34. Rc3 Kc6 35. Kc2 Rxc3+ 36. Kxc3 Kc5 37. h3 g6 38. f3 h6 39. f4 h5 40. h4 Kb5 41. Kc2 Kc6 42. Kd2 1/2-1/2

[Event "Montreal Mercredi 10"]
[Site "Montreal CAN"]
[Date "2017.10.11"]
[Round "1"]
[White "Saha, Ananda"]
[Black "Soudre, Nicolas"]
[Result "1/2-1/2"]
[WhiteElo "2133"]
[BlackElo "2162"]
[WhiteFideId "-1"]
[WhiteFideId "-1"]
[PlyCount "61"]
[GameId "2160767908317525"]
[EventDate "2017.10.11"]
[EventType "swiss"]
[EventRounds "5"]
[EventCountry "CAN"]
[SourceTitle "EXT 2022"]
[Source "ChessBase"]
[SourceDate "2021.10.06"]
[SourceVersion "1"]
[SourceVersionDate "2021.10.06"]
[SourceQuality "1"]

1. Nf3 e6 2. g3 b6 3. Bg2 Bb7 4. O-O Nf6 5. c4 Be7 6. d3 O-O 7. b3 c5 8. Bb2 Nc6 9. Nbd2 d5 10. a3 Re8 11. Qc2 d4 12. e3 dxe3 13. fxe3 Ng4 14. Rae1 Bf6 15. Bxf6 Nxf6 16. Ng5 h6 17. Nge4 Nxe4 18. Nxe4 Qe7 19. Qb2 f5 20. Nf2 Rad8 21. b4 Rd7 22. b5 Nd8 23. e4 Rf8 24. exf5 Bxg2 25. Kxg2 Rxf5 26. Qe2 Qd6 27. Qe4 Qd4 28. Qxd4 Rxd4 29. Re3 Rf7 30. Rfe1 Rfd7 31. R1e2 1/2-1/2

[Event "Montreal Mercredi 10"]
[Site "Montreal CAN"]
[Date "2017.10.11"]
[Round "1"]
[White "Zheng, Richard"]
[Black "Lopez Linares, Lizandro"]
[Result "0-1"]
[WhiteElo "2115"]
[BlackElo "2209"]
[WhiteFideId "-1"]
[WhiteFideId "-1"]
[PlyCount "48"]
[GameId "2160767908317526"]
[EventDate "2017.10.11"]
[EventType "swiss"]
[EventRounds "5"]
[EventCountry "CAN"]
[SourceTitle "EXT 2022"]
[Source "ChessBase"]
[SourceDate "2021.10.06"]
[SourceVersion "1"]
[SourceVersionDate "2021.10.06"]
[SourceQuality "1"]

1. e4 e6 2. Nf3 d5 3. exd5 exd5 4. d4 Nf6 5. Bd3 Bd6 6. O-O O-O 7. Bg5 c5 8. c3 Nc6 9. h3 Re8 10. Bh4 c4 11. Bc2 b5 12. Ng5 h6 13. Nxf7 Kxf7 14. Bxf6 Qxf6 15. Qh5+ Kf8 16. Qxd5 Bd7 17. f4 Ne7 18. Qf3 Bc6 19. Be4 Bxe4 20. Qxe4 Nf5 21. Qf3 Rad8 22. Qf2 Ne3 23. Re1 Bxf4 24. Nd2 Bh2+ 0-1

[Event "Montreal Mercredi 10"]
[Site "Montreal CAN"]
[Date "2017.10.27"]
[Round "1"]
[White "Langlois-Remillard, Alexis"]
[Black "Have, Didier"]
[Result "0-1"]
[WhiteElo "1974"]
[BlackElo "1981"]
[WhiteFideId "-1"]
[WhiteFideId "-1"]
[PlyCount "132"]
[GameId "2160767908317527"]
[EventDate "2017.10.11"]
[EventType "swiss"]
[EventRounds "5"]
[EventCountry "CAN"]
[SourceTitle "EXT 2022"]
[Source "ChessBase"]
[SourceDate "2021.10.06"]
[SourceVersion "1"]
[SourceVersionDate "2021.10.06"]
[SourceQuality "1"]

1. b3 d5 2. Bb2 Bf5 3. e3 e6 4. Nf3 Nf6 5. Be2 Nbd7 6. Nh4 Bg6 7. O-O Ne4 8. g3 Be7 9. Bxg7 Rg8 10. Nxg6 hxg6 11. Bb2 Bf6 12. Nc3 Ng5 13. f4 Ne4 14. Qc1 Nd6 15. Nb5 Nf5 16. Bxf6 Nxf6 17. Qb2 Nd7 18. Nd4 Nd6 19. Nf3 Qe7 20. c4 Nf5 21. cxd5 exd5 22. Rac1 O-O-O 23. Rc2 Kb8 24. Rfc1 Rc8 25. b4 f6 26. a4 g5 27. fxg5 fxg5 28. Nd4 Nxd4 29. Qxd4 Nf6 30. Bg4 Nxg4 31. Qxg4 Rgf8 32. b5 Qf6 33. Qe2 d4 34. Rf1 Qe5 35. Rxf8 Rxf8 36. e4 d3 37. Qxd3 Qa1+ 38. Kg2 Qe1 39. Qc4 Qf2+ 40. Kh3 g4+ 41. Kxg4 Qf3+ 42. Kg5 Qf6+ 43. Kg4 Qg6+ 44. Kh3 Qh5+ 45. Kg2 Qf3+ 46. Kg1 Qf2+ 47. Kh1 Qe1+ 48. Kg2 Qf2+ 49. Kh3 Rh8+ 50. Kg4 Qb6 51. Qf7 Qd6 52. d4 Rf8 53. Qg7 Qe6+ 54. Kh5 Qe8+ 55. Kh4 Rh8+ 56. Kg5 Rg8 57. Qxg8 Qxg8+ 58. Kf5 Qh7+ 59. Ke5 Qh5+ 60. Ke6 Qg4+ 61. Kd5 Kc8 62. Rf2 Qg8+ 63. Ke5 Qg7+ 64. Ke6 Qd7+ 65. Ke5 Qd6+ 66. Kf5 Qf8+ 0-1

[Event "Montreal Mercredi 10"]
[Site "Montreal CAN"]
[Date "2017.10.30"]
[Round "1"]
[White "Millette, Sylvain"]
[Black "Gauthier, Luc"]
[Result "1/2-1/2"]
[WhiteElo "1772"]
[BlackElo "1682"]
[WhiteFideId "-1"]
[WhiteFideId "-1"]
[PlyCount "75"]
[GameId "2160767908317528"]
[EventDate "2017.10.11"]
[EventType "swiss"]
[EventRounds "5"]
[EventCountry "CAN"]
[SourceTitle "EXT 2022"]
[Source "ChessBase"]
[SourceDate "2021.10.06"]
[SourceVersion "1"]
[SourceVersionDate "2021.10.06"]
[SourceQuality "1"]

1. Nf3 d5 2. g3 Nc6 3. d4 Bf5 4. c3 e6 5. Bg2 Nf6 6. Qb3 a6 7. Bg5 Be7 8. Bxf6 Bxf6 9. Qxb7 Na5 10. Qb4 c6 11. Qa4 Qb6 12. b4 Nc4 13. Nbd2 Nd6 14. O-O O-O 15. Nb3 Nc4 16. Nc5 e5 17. dxe5 Bxe5 18. Nxe5 Nxe5 19. e4 Be6 20. Rad1 a5 21. exd5 cxd5 22. Bxd5 Bxd5 23. Rxd5 axb4 24. Qxb4 Qc7 25. Qf4 f6 26. Rfd1 Qc6 27. Qe4 Rfe8 28. Rxe5 Qxe4 29. Rxe4 Rxe4 30. Nxe4 Rxa2 31. Rc1 Kf7 32. c4 Ke6 33. Nc3 Rb2 34. Nb5 Kd7 35. c5 Rxb5 36. c6+ Kc7 37. Re1 Kxc6 38. Rd1 1/2-1/2

[Event "Montreal Mercredi 10"]
[Site "Montreal CAN"]
[Date "2017.10.18"]
[Round "2"]
[White "Barko, Maxim"]
[Black "Jia, Zhe"]
[Result "1-0"]
[WhiteElo "1842"]
[BlackElo "1823"]
[WhiteFideId "-1"]
[WhiteFideId "-1"]
[PlyCount "45"]
[GameId "2160767908317529"]
[EventDate "2017.10.11"]
[EventType "swiss"]
[EventRounds "5"]
[EventCountry "CAN"]
[SourceTitle "EXT 2022"]
[Source "ChessBase"]
[SourceDate "2021.10.06"]
[SourceVersion "1"]
[SourceVersionDate "2021.10.06"]
[SourceQuality "1"]

1. d4 d5 2. c4 c6 3. Nc3 Nf6 4. Nf3 dxc4 5. a4 Bf5 6. Ne5 Nbd7 7. Nxc4 Nb6 8. Ne5 Nfd7 9. e4 Nxe5 10. exf5 Ned7 11. a5 Nc8 12. a6 b6 13. Qf3 Nd6 14. Bd3 Rc8 15. O-O g6 16. Re1 Bg7 17. Bg5 f6 18. Bf4 O-O 19. fxg6 e5 20. Qh5 h6 21. Bxh6 Bxh6 22. Qxh6 Qe7 23. Ne4 1-0

[Event "Montreal Mercredi 10"]
[Site "Montreal CAN"]
[Date "2017.10.18"]
[Round "2"]
[White "Brassard, Sylvain"]
[Black "O'Connor, Michael"]
[Result "0-1"]
[WhiteElo "1772"]
[BlackElo "1802"]
[WhiteFideId "-1"]
[WhiteFideId "-1"]
[PlyCount "154"]
[GameId "2160767908317530"]
[EventDate "2017.10.11"]
[EventType "swiss"]
[EventRounds "5"]
[EventCountry "CAN"]
[SourceTitle "EXT 2022"]
[Source "ChessBase"]
[SourceDate "2021.10.06"]
[SourceVersion "1"]
[SourceVersionDate "2021.10.06"]
[SourceQuality "1"]

1. d4 Nf6 2. Nf3 e6 3. g3 d5 4. Bg2 Bd6 5. O-O Nbd7 6. Nbd2 O-O 7. e4 Bb4 8. c3 Be7 9. exd5 exd5 10. Re1 c6 11. Nf1 Bd6 12. Ne3 Re8 13. b3 Ne4 14. Bb2 Ndf6 15. Qc2 Bd7 16. Nd2 Rc8 17. Qd3 Nxd2 18. Qxd2 Qa5 19. Qd3 g6 20. Rec1 Ng4 21. Nxg4 Bxg4 22. b4 Qc7 23. Re1 Qd7 24. Qd2 Rxe1+ 25. Rxe1 Re8 26. Bc1 Rxe1+ 27. Qxe1 Qe7 28. Qxe7 Bxe7 29. f3 Bf5 30. Bf4 Bb1 31. a4 Bc2 32. a5 Bd3 33. Kf2 Kf8 34. Ke3 Bc4 35. Bh3 f5 36. g4 g5 37. Bb8 f4+ 38. Kf2 a6 39. Bg2 Kf7 40. h4 h6 41. hxg5 hxg5 42. Bf1 Bb5 43. Be2 Ke6 44. Ke1 Bf6 45. Kd2 Be7 46. Bd3 Bxd3 47. Kxd3 Bd6 48. Ba7 Be7 49. Bb6 Bd6 50. Bd8 Be7 51. Bb6 Bd6 52. Bc5 Bc7 53. Ba7 Bd6 54. Bb6 Be7 55. Bc5 Bd8 56. c4 Bf6 57. cxd5+ Kxd5 58. Bb6 Be7 59. Kc3 Bf6 60. Bc5 Bd8 61. Bf8 Bf6 62. Bh6 Bxd4+ 63. Kd3 Bf6 64. Bf8 Bd8 65. Bc5 Bxa5 66. Be7 Ke6 67. Bxg5 Bxb4 68. Bxf4 c5 69. Bc1 b5 70. f4 a5 71. Bb2 c4+ 72. Kc2 Be7 73. f5+ Kf7 74. Bc3 b4 75. Bd4 a4 76. Kb2 Bf6 77. Bxf6 Kxf6 0-1

[Event "Montreal Mercredi 10"]
[Site "Montreal CAN"]
[Date "2017.10.18"]
[Round "2"]
[White "Charette, Nicolas"]
[Black "Millette, Sylvain"]
[Result "1-0"]
[WhiteElo "1683"]
[BlackElo "1772"]
[WhiteFideId "-1"]
[WhiteFideId "-1"]
[PlyCount "51"]
[GameId "2160767908317531"]
[EventDate "2017.10.11"]
[EventType "swiss"]
[EventRounds "5"]
[EventCountry "CAN"]
[SourceTitle "EXT 2022"]
[Source "ChessBase"]
[SourceDate "2021.10.06"]
[SourceVersion "1"]
[SourceVersionDate "2021.10.06"]
[SourceQuality "1"]

1. d4 Nf6 2. Bf4 g6 3. e3 Bg7 4. Nf3 O-O 5. Nbd2 d5 6. h3 c5 7. c3 cxd4 8. cxd4 Qa5 9. Be2 Nc6 10. O-O Bd7 11. a3 Qd8 12. b4 Re8 13. Bh2 Rc8 14. Nb3 Ne4 15. Rc1 Nb8 16. Nc5 Nxc5 17. bxc5 b6 18. Bxb8 Rxb8 19. c6 Bxc6 20. Rxc6 e6 21. Ba6 b5 22. Qb3 Qa5 23. Qb4 Qxb4 24. axb4 Bf8 25. Rb1 Rb6 26. Rxb6 1-0

[Event "Montreal Mercredi 10"]
[Site "Montreal CAN"]
[Date "2017.10.18"]
[Round "2"]
[White "Have, Didier"]
[Black "Nesterov, Timour"]
[Result "1-0"]
[WhiteElo "1981"]
[BlackElo "1893"]
[WhiteFideId "-1"]
[WhiteFideId "-1"]
[PlyCount "39"]
[GameId "2160767908317532"]
[EventDate "2017.10.11"]
[EventType "swiss"]
[EventRounds "5"]
[EventCountry "CAN"]
[SourceTitle "EXT 2022"]
[Source "ChessBase"]
[SourceDate "2021.10.06"]
[SourceVersion "1"]
[SourceVersionDate "2021.10.06"]
[SourceQuality "1"]

1. d4 e6 2. e4 d5 3. Be3 dxe4 4. Nd2 Nf6 5. f3 exf3 6. Ngxf3 Be7 7. Bd3 Nbd7 8. c3 b6 9. Qe2 Bb7 10. O-O Nd5 11. Nc4 Nxe3 12. Qxe3 Bf6 13. Rad1 O-O 14. Nce5 Qe7 15. Kh1 Rad8 16. Ng4 c5 17. Nfe5 cxd4 18. Qh3 g6 19. Nxd7 Bg7 20. Ndf6+ 1-0